Chancen der Gruppenpädagogik Gruppendynamische Modelle für Erziehung und Unterricht

Gespeichert in:
Bibliographische Detailangaben
Format: Buch
Sprache:Deutsch
Veröffentlicht: Weinheim Beltz 1974
Ausgabe:5. erw. Aufl.
Schriftenreihe:Pädagogisches Zentrum. Veröffentlichungen
Tags: Tag hinzufügen
Keine Tags, Fügen Sie das erste Tag hinzu!

MARC

LEADER 00000nam a2200000 4500
001 c019311
005 20250707104110.9
020 |a 3-407-12603-4 
041 0 |a ger 
044 |a DE 
245 1 0 |a Chancen der Gruppenpädagogik  |b Gruppendynamische Modelle für Erziehung und Unterricht  |c Kurt Spangenberg 
250 |a 5. erw. Aufl. 
264 1 |a Weinheim  |b Beltz  |c 1974 
300 |a 248 s. 
490 1 |a Pädagogisches Zentrum. Veröffentlichungen 
830 0 |a Pädagogisches Zentrum. Veröffentlichungen